000 01300nam a2200241Ia 4500
003 Ost
005 20260507075141.0
008 260507s9999||||xx |||||||||||||| ||und||
040 _cfsecg
041 _aara
082 _a330
100 _aالفتلاوي، كامل علاوي
_eمؤلف
245 0 _aالعولمة ومستقبل الصراع الاقتصادي /
_c كامل علاوي الفتلاوي
260 _aعمان:
_bدار صفاء,
_c2008
300 _a572 صفحة؛
_bإيضاحات ؛
_c24 سم
504 _aالمراجع ص.545 (اقتناءات 2014 3ن)
520 _aالإطار النظري لمقولتي العولمة والصراع - تاريخية الصراع العربي الاسرائيلي -العولمة والاقتصاد السياسي العربي -التطور الاقتصادي في اسرائيل وتحولاته في ظل العولمة -العرب ازاء اسرائيل في الاقتصاد العالمي - الصراع الاقتصادي العربي الاسرائيلي
653 _aالإقتصاد السياسي
653 _aالأنظمة الإقتصادية
653 _aالمشكلات الإقتصادية والإجتماعية
700 _aلافي مرزوق، عاطف
_eمؤلف ثانوي
942 _cكتاب
999 _c43301
_d43301